Poradné a metodické orgány v pedagogickom riadení základných a stredných škôl

Bibliographic Details
Main Author: Pavlov, Ivan, 1965- (Author)
Format: Book
Language:Slovak
PhysicalDescription:53 s. 30 cm
Published: Bratislava Metodické centrum mesta Bratislavy 2000
ISBN:8071642754
Subjects:

MARC

LEADER 00000cam a2200000 a 4500
001 vtls001393873
003 SK-MaSNL
005 20260301201801.0
008 240226s2000 xo a fr 000 0 slo
015 |a SNBA2000/10-03319 
020 |a 8071642754 
035 |a SNK000348190 
035 |a urn:nbn:sk:snk-amtkiq 
035 |a urn:nbn:sk:snk-am00c89y 
035 |a 778CCFDB-B2C3-4E6A-A9CF-DBD236B20EA4 
040 |a SNK  |b slo  |c SNK  |e AACR2 
041 0 |a slo 
044 |a xo  |c SK 
080 |a 371.1(072)  |2 1981 
100 1 |a Pavlov, Ivan,  |d 1965-  |4 aut  |9 119157 
245 1 |a Poradné a metodické orgány v pedagogickom riadení základných a stredných škôl  |c Ivan Pavlov 
260 |a Bratislava  |b Metodické centrum mesta Bratislavy  |c 2000 
300 |a 53 s.  |c 30 cm 
504 |a Bibliogr. s. 46-48 
650 0 7 |a základné školy  |2 SNKPH  |9 1280 
650 0 7 |a stredné školy  |2 SNKPH  |9 1279 
650 0 7 |a riadenie  |2 SNKPH  |9 924 
655 7 |a príručky  |2 SNKPH  |9 74364 
919 |a 80-7164-275-4 
999 |c 896261  |d 898191 
952 |t P60, <03>, [BOOK], {603}  |a SNK  |b SNK  |y PREZ  |7 0  |p 17A0247459  |o snkSB 62120  |i snkKSP 7986/2000  |0 0  |1 0  |4 0  |d 2000-08-04  |f 1  |l 0  |r 2025-04-11 00:00:00  |w 2026-02-24 
952 |t P60, <04>, [BOOK], {604}  |a SNK  |b SNK  |y VYP  |7 0  |p 17A0247460  |o snkSB 62120 D1  |i snkKSP 7987/2000  |0 0  |1 0  |4 0  |d 2000-08-04  |l 0  |r 2005-01-02 00:00:00  |w 2026-02-24